000 00521nam a22001577a 4500
005 20251215194754.0
008 251215b |||||||| |||| 00| 0 eng d
050 _aR11
_b.C538
100 _aKeim, Hugo A.
245 _aClinical Symposia
_blow back pain
_cHugo A. Keim & W. H. Kirkaldy-Willis, edited by Anne H. Trench
260 _aNew Jersey
_bCIBA Pharmaceutical Company
_c1980
300 _aVol. 35, Number 6. 35p.
_bcolor
_c24.5cm
700 _aKirkaldy-Willis, W. H.
700 _aTrench, Anne H.
942 _2lcc
_cBK
_n0
999 _c8566
_d8566